Without You Without Them - boygenius (Lyrics) - Statistics

General Stats
  • This quiz has been taken 40 times
    36 since last reset
  • The average score is 107 of 116
Answer Stats
Answer % Correct
a
100%
be
100%
before
100%
father
100%
him
100%
His
100%
I
100%
me
100%
mother
100%
my
100%
the
100%
them?
100%
without
100%
would
100%
you
100%
your
100%
And
93%
can
93%
everything
93%
Give
93%
give
93%
hear
93%
it
93%
of
93%
part
93%
story
93%
to
93%
want
93%
what
93%
Who
93%
get
86%
got
86%
I'll
86%
take
86%
Talk
86%
Thank
86%
eye
79%
mystery
79%
Please
79%
Speak
79%
Until
79%
you've
79%
dry
71%
history's
71%
I've
71%
no
71%
we'll
71%
words
71%
run
64%
see
64%
No matching quizzes found
Score Distribution
Percent of People with Each Score
Percentile by Number Answered
Your Score History
You have not taken this quiz since the last reset